The Jews of Greece : an essay
Αποθηκεύτηκε σε:
| Κύριος συγγραφέας: | |
|---|---|
| Μορφή: | Βιβλίο |
| Γλώσσα: | Greek |
| Δημοσίευση: |
Athens :
Talos Press,
1997
|
| Θέματα: | |
| Ετικέτες: |
Προσθήκη ετικέτας
Δεν υπάρχουν, Καταχωρήστε ετικέτα πρώτοι!
|
MARC
| LEADER | 00000nam a2200000 i 4500 | ||
|---|---|---|---|
| 001 | 1/12635 | ||
| 008 | 971022s1997 gre d | ||
| 020 | |a 960-7459-00-8 | ||
| 035 | |1 ΠΑΡ |a 1997 |l 10018702 | ||
| 040 | |a GR-MY-UA |b gre |e aacr | ||
| 041 | 0 | |a gre | |
| 082 | 0 | |a 305.89240495 | |
| 100 | 1 | |a Σταυρουλάκης, Νικόλας. | |
| 245 | 1 | 4 | |a The Jews of Greece : |b an essay / |c Nicholas Stavroulakis |
| 260 | |a Athens : |b Talos Press, |c 1997 | ||
| 300 | |a 124 p. |b ill. | ||
| 650 | 0 | 0 | |a Jews |z Greece. |
| 650 | 0 | 0 | |a Speeches, addresses, etc. |
| 852 | |a INST |b LESVOS |e 19971022 |h 305.89240495 ΣΤΑ |p 005100015499 |q 005100015499 |t BK |y 0 | ||
| 909 | |a Λ |b 051049 | ||
| 922 | |a 1ΔΩΡ |b 199710 |c ΤΚΑ | ||